书目信息 |
| 题名: |
花卉装饰与应用
|
|
| 作者: | 郑诚乐 , 金研铭 主编 | |
| 分册: | ||
| 出版信息: | 北京 中国林业出版社 2010 |
|
| 页数: | 264页 | |
| 开本: | 26cm | |
| 丛书名: | ||
| 单 册: | ||
| 中图分类: | S688.2 | |
| 科图分类: | ||
| 主题词: | 花卉装饰--高等学校--教材 | |
| 电子资源: | ||
| ISBN: | 978-7-5038-5892-5 | |
| 000 | 00902nam0 22002531 45 | |
| 001 | 1356809515 | |
| 005 | 20130514173146.25 | |
| 010 | @a978-7-5038-5892-5@dCNY32.00 | |
| 100 | @a20130108d2010 em y0chiy50 ea | |
| 101 | 0 | @achi |
| 102 | @aCN@b110000 | |
| 105 | @ay z 000yy | |
| 106 | @ar | |
| 200 | 1 | @a花卉装饰与应用@AHua Hui Zhuang Shi Yu Ying Yong@f郑诚乐,金研铭主编@FZheng Cheng Le, Jin Yan Ming Zhu Bian |
| 210 | @a北京@c中国林业出版社@d2010 | |
| 215 | @a264页@c图@d26cm | |
| 300 | @a高等院校观赏园艺方向“十一五”规划教材 | |
| 330 | @a本书内容包括:花卉种质资源与分类、花卉观赏特性与花文化、室内花卉装饰、庭园花卉装饰、插花艺术与时尚花艺、花卉装饰配套素材等。 | |
| 606 | 0 | @a花卉装饰@x高等学校@j教材 |
| 690 | @aS688.2@v5 | |
| 701 | 0 | @a郑诚乐@AZheng Cheng Le@4主编 |
| 701 | 0 | @a金研铭@AJin Yan Ming@4主编 |
| 801 | @aCN@bTANGWEI@c20130108 | |
| 905 | @b0829766-70@dS688.2@e263@f5 | |
| 花卉装饰与应用/郑诚乐,金研铭主编.-北京:中国林业出版社,2010 |
| 264页:图;26cm |
| 高等院校观赏园艺方向“十一五”规划教材 |
| ISBN 978-7-5038-5892-5:CNY32.00 |
| 本书内容包括:花卉种质资源与分类、花卉观赏特性与花文化、室内花卉装饰、庭园花卉装饰、插花艺术与时尚花艺、花卉装饰配套素材等。 |
| ● |
| 相关链接 |
|
|
|
|
正题名:花卉装饰与应用
索取号:S688.2/263
 
预约/预借
| 序号 | 登录号 | 条形码 | 馆藏地/架位号 | 状态 | 备注 |
| 1 | 0829766 | 208297662 | 第二样本阅览室/ [索取号:S688.2/263] | 在馆 | |
| 2 | 0829767 | 208297671 | 第三借阅区/ [索取号:S688.2/263] | 在馆 | |
| 3 | 0829768 | 208297680 | 第三借阅区/ [索取号:S688.2/263] | 在馆 | |
| 4 | 0829769 | 208297699 | 第三借阅区/ [索取号:S688.2/263] | 在馆 | |
| 5 | 0829770 | 208297706 | 第三借阅区/ [索取号:S688.2/263] | 在馆 |